Statistics for 2013 Formula One Winners

Click here to take the quiz!

General Stats

  • This quiz has been taken 75 times
  • The average score is 18 of 19

Answer Stats

HintAnswer% Correct
Brazilian GPSebastian Vettel
100%
Korean GPSebastian Vettel
99%
United States GPSebastian Vettel
99%
Bahrain GPSebastian Vettel
99%
Abu Dhabi GPSebastian Vettel
99%
Indian GPSebastian Vettel
99%
Canadian GPSebastian Vettel
99%
Japanese GPSebastian Vettel
99%
German GPSebastian Vettel
99%
Malaysian GPSebastian Vettel
99%
Belgian GPSebastian Vettel
99%
Italian GPSebastian Vettel
99%
Singapore GPSebastian Vettel
99%
Hungarian GPLewis Hamilton
97%
Spanish GPFernando Alonso
96%
Chinese GPFernando Alonso
96%
Australian GPKimi Raikkonen
88%
Monaco GPNico Rosberg
87%
British GPNico Rosberg
85%

Score Distribution

Percentile by Number Answered

Percent of People with Each Score

Your Score History

You have not taken this quiz